Fado (Registo nº 19853)

Detalhes MARC
000 -Etiqueta do registo
campo de controlo de comprimento fixo 005110000a22001810004500
001 - Identificador do registo
Campo de controlo 19853
010 ## - ISBN
Número (ISBN) 972-41-3597-7
100 ## - Dados Gerais de Proc.
Dados gerais de processamento 20051017d2003 m y0pory5003 ba
101 0# - Língua da publicação
Língua do texto, banda sonora, etc. Português
102 ## - País de Publicação
País de publicação Portugal
200 1# - Título
Título próprio Fado
Informação de outro título estórias na noite
Primeira menção de responsabilidade Rui Pimentel
210 ## - Publicação, Distribuição
Lugar da edição, distribuição, etc. Porto
Nome do editor, distribuidor, etc. Asa
Data da publicação, distribuição, etc. 2003
215 ## - Descrição física
Descrição física 72, [1] p.
Outras indicações físicas il.
675 ## - CDU
Notação 821.134.3-9"20"
Edição BN
Língua da edição Português
700 #1 - Responsabilidade principal
Palavra de ordem Pimentel
Outra parte do nome Rui
Datas 1951-
090 ## - Números de controlo do sistema (Koha)
Número biblioitem do Koha (gerado automaticamente) 19853
942 ## - Elementos de entrada adicionados (Koha)
Tipo de item no Koha Monografias
Suprimido Disponível no OPAC
999 ## - Campo local
Campo local 19853
-- Bibliobase - BMTAV
-- 2019-01-21
Exemplares
Removido (estado) Perdido (estado) Data de aquisição Origem do registo (biblioteca) (codificado) Código da organização que empresta ou é detentora (biblioteca) Código de barras Local Número de inventário Cota Tipo de circulação (não pode ser emprestado) Tipo de item e material
Disponível Disponível 2005-10-17 Biblioteca Municipal Álvaro de Campos Biblioteca Municipal Álvaro de Campos BMTAV35953 Sala de Adultos 35953 R6 PIM Normal Monografias